| 000 | 00976cam a2200229 4500 | ||
|---|---|---|---|
| 001 | WB3615-12 | ||
| 008 | 000000n2000 000 0 eng u | ||
| 035 | _a(Sirsi) u105352 | ||
| 245 | _aHomebuyers access land use information | ||
| 260 | _c2000 | ||
| 490 |
_aNegotiator _v15(7) 7 April 2000, 2(1) |
||
| 520 | _aWith the launch of Landmark's 'Envirosearch' database homebuyers will be able to access environmental information to help identify potential contamination problems. This service coincides with the coming into force of the law requiring local authorities to identify contaminated sites. Clean-up costs will lie with the original contaminator, but if they are untraceable, the homeowner may be liable. | ||
| 590 | _aWB | ||
| 650 | _aHOMEOWNERS | ||
| 650 | _aCLEAN UP COSTS | ||
| 650 | _aCONTAMINATED LAND | ||
| 650 | _aLANDMARK INFORMATION GROUP | ||
| 650 | _aENVIROSEARCH | ||
| 650 | _aLIABILITY | ||
| 690 | _aENVIRONMENT-CONTAMINATION | ||
| 942 | _n0 | ||
| 999 |
_c63154 _d63154 |
||